000 00733nam a2200241 i 4500
001 bg
100 1 _aBARANOWSKI, Wacław
245 1 0 _aWycena nieruchomości zabudowanych :
_bpodejście kosztowe : poradnik /
_c[Wacław Baranowski, Mieczysław Cyran].
260 _aWarszawa :
_bInstytut Doradztwa Majątkowego,
_c2003.
300 _a66 s. :
_bil. ;
_c20 cm.
490 1 _aPoradnik Doradcy Majątkowego
650 9 _aNieruchomości
_xwycena
655 _aPoradniki
700 1 _aCYRAN, Mieczysław
830 _aPoradnik Doradcy Majątkowego
020 _a8389253305
040 _cBPK
041 0 _apol
080 _a332.74(083.1)
920 _a83-89253-30-5
942 _cKA
008 s pl f |000 0 pol
999 _c35069
_d35069
856 _uhttp://koha.tu.koszalin.pl/cgi-bin/koha/opac-detail.pl?biblionumber=35069
_yKatalog online BPK